000 00298nam a2200121 a 4500
005 20140414131857.0
008 100914s19uu xx 00 eng d
050 _aFIL
_bXi4 2007
100 _aRivera, Augie
245 _aXilef.
260 _aManila, Philippines :
_bAdarna,
_c2007.
999 _c110523
_d110523